Costanti fisiche - Quiz n°2 - Statistics

Statistiche generali
  • Questo quiz è stato fatto 84 volte
  • Il punteggio medio è 4 su 7
Statistiche sulle risposte
Hint Risposta % Corretto
6,022 140 76 × 10^23 Numero di Avogadro
87%
1,672 621 58 × 10^−27 Massa a riposo del protone
63%
1,602 176 634 × 10^−19 Carica elementare
59%
6,672 59 × 10^−11 Costante di gravitazione universale
56%
5,291 772 083 × 10^−11 Raggio di Bohr
54%
9,648 534 15× 10^4 Costante di Faraday
47%
8,854 187 817... × 10^−12 Costante dielettrica del vuoto
44%
Nessun quiz corrispondente trovato
Distribuzione punteggi
Percentuale di utenti per punteggio
Percentile per numero di risposta
I tuoi punteggi nel tempo
Non hai fatto questo quiz